00668nam a22002177a 450000500170000001000130001702000220003003500130005203700160006504000120008108200140009310000200010724500780012726000430020527000520024830000250030050000510032565000260037665000280040270000200043020170124110048.0 aA-592400 c00.00a8120713346 aA-592400 bCen Lib/Ret aDPLbEN a658bBAN  aBannerjee, A.M. aBusiness and factory management /cby A.M. Bannerjee [and] Lallan Prasad  aNew Delhi bSterling Publishers c1992 bNew Delhi aL-10, green park extention e110016 avii, 412p.c21cm(Hb) aIncludes bibliographical references and index  aCorporate management  aPlanning industries v  aPrasad, Lallan